Schnelle Mathematik - Multiplikation im Hexadezimalsystem Level 03 - Statistiken

Allgemein
  • Dieses Quiz wurde 93 mal gespielt
  • Das Durchschnittsergebnis liegt bei 15 aus 20
Antwortstatistiken
Frage Antwort % Korrekt
1⋅2 2
100%
4⋅1 4
100%
0⋅0 0
92%
0⋅2 0
92%
3⋅0 0
92%
4⋅2 8
92%
5⋅0 0
91%
1⋅1 1
90%
3⋅2 6
90%
0⋅5 0
89%
2⋅3 6
87%
1⋅5 5
86%
0⋅4 0
83%
5⋅1 5
83%
1⋅3 3
82%
1⋅0 0
80%
4⋅0 0
80%
0⋅3 0
77%
2⋅1 2
77%
3⋅1 3
77%
1⋅4 4
77%
3⋅3 9
77%
2⋅0 0
75%
2⋅4 8
73%
5⋅3 F
70%
2⋅2 4
60%
0⋅1 0
50%
5⋅2 A
50%
4⋅3 C
45%
5⋅4 14
44%
3⋅5 F
44%
2⋅5 A
42%
4⋅4 10
36%
5⋅5 19
36%
4⋅5 14
33%
3⋅4 C
25%
Keine übereinstimmenden Quizze gefunden
Verteilung der Resultate
Anzahl Personen mit jedem Resultat
Perzentil nach korrekt beantworteten Fragen
Ihre Resultats-Entwicklung
Sie haben dieses Quiz noch nicht gespielt